000 00680nam a2200145Ia 4500
008 151213s9999 xx 000 0 und d
100 _aমাওল্নাা মোহাম্মদ সারওয়ার ।
245 _aপশ্চিম পাকিস্তানের সাহিত্য।
_cমাওল্নাা মোহাম্মদ সারওয়ার ।
260 _aঢাকা
_bপাকিস্তান পাবলিকেশন্স।
_c1955
300 _a8847 p.
650 _aBangla
650 _aসাহিত্য।
700 _aমাওল্নাা মোহাম্মদ সারওয়ার ।
999 _c4632
_d4632